[Event "World ol U16 06th"]
[Site "Singapore"]
[Date "2007.08.12"]
[Round "10"]
[White "Sng, Zheng Yang"]
[Black "Khandelwal, Ankush"]
[Result "0-1"]
[WhiteElo "1828"]
[BlackElo "2119"]
[PlyCount "64"]
[EventDate "2007.08.05"]
[EventType "team-swiss"]
[EventRounds "10"]
[EventCountry "SIN"]
[SourceTitle "EXT 2008"]
[Source "ChessBase"]
[SourceDate "2007.11.25"]
[SourceVersion "1"]
[SourceVersionDate "2007.11.25"]
[SourceQuality "1"]

1. c4 e5 2. Nc3 Nc6 3. g3 g6 4. Bg2 Bg7 5. e3 f5 6. d3 Nf6 7. Nge2 0-0 8. 0-0 d6 9. Rb1 g5 10. f4 gxf4 11. gxf4 Kh8 12. Kh1 Rg8 13. b4 Bd7 14. b5 Ne7 15. Bd2 Ng6 16. Qe1 Ng4 17. h3 Nf6 18. Nd5 e4 19. Nxf6 Bxf6 20. Bc3 Bxc3 21. Qxc3+ Rg7 22. Kh2 Qh4 23. Qe1 Qh6 24. d4 Nh4 25. Bh1 Rag8 26. Qf2 Rg4 27. Rg1 R8g6 28. Ng3 Rf6 29. d5 Kg8 30. hxg4 fxg4 31. Qb2 Rxf4 32. Nxe4 Nf5+ 0-1

[Event "World ol U16 06th"]
[Site "Singapore"]
[Date "2007.08.10"]
[Round "8"]
[White "Sng, Zheng Yang"]
[Black "Thorgeirsson, Sverrir"]
[Result "1/2-1/2"]
[WhiteElo "1828"]
[BlackElo "2064"]
[PlyCount "89"]
[EventDate "2007.08.05"]
[EventType "team-swiss"]
[EventRounds "10"]
[EventCountry "SIN"]
[SourceTitle "EXT 2008"]
[Source "ChessBase"]
[SourceDate "2007.11.25"]
[SourceVersion "1"]
[SourceVersionDate "2007.11.25"]
[SourceQuality "1"]

1. c4 e5 2. Nc3 Nc6 3. g3 g6 4. Bg2 Bg7 5. e3 d6 6. Nge2 Nge7 7. 0-0 Be6 8. Nd5 0-0 9. d3 Qd7 10. Rb1 Nd8 11. b3 Nxd5 12. cxd5 Bh3 13. e4 Bxg2 14. Kxg2 c6 15. dxc6 Nxc6 16. Ba3 f5 17. f3 Rfd8 18. b4 b5 19. Nc3 Nd4 20. Bb2 Rac8 21. Rf2 a6 22. Nd5 Qb7 23. Bxd4 exd4 24. Qb3 Kh8 25. Rbb2 Bh6 26. Rbc2 Be3 27. Rfe2 fxe4 28. dxe4 Bh6 29. Qd3 Bg7 30. Rxc8 Rxc8 31. Rc2 Rc6 32. Kf1 Qc8 33. Rxc6 Qxc6 34. Qb3 Qc1+ 35. Ke2 Qg1 36. Ne7 d5 37. Qxd5 Qe3+ 38. Kf1 Qxf3+ 39. Kg1 Qf8 40. Nc6 h5 41. Nxd4 Qxb4 42. Nc6 Qe1+ 43. Kg2 Qe2+ 44. Kg1 Qe1+ 45. Kg2 1/2-1/2